000 00372nam a2200145Ia 4500
008 230711s9999||||xx |||||||||||||| ||und||
041 _aENG
082 _a624
_bTH-P
100 _aThampson Geoffery
245 0 _aPlanning and design of library buildings
250 _a1st Ed.
260 _c1989
_aNew Delhi
_bButterworth-Heinemann Ltd
650 _aArchitecture
942 _cBK
999 _c457
_d457